Statistics for + - x / Quiz 1

Click here to take the quiz!

General Stats

  • This quiz has been taken 7 times
  • The average score is 12 of 15

Answer Stats

HintAnswer% Correct
115+328443
100%
128/816
83%
35*5175
83%
768/4192
83%
19*11209
83%
558-327231
83%
119+128247
83%
95-6629
83%
428-119309
83%
1050/2542
83%
638+114752
83%
58+2381
83%
13*12156
67%
38*9342
67%
994/1471
67%

Score Distribution

Percentile by Number Answered

Percent of People with Each Score

Your Score History

You have not taken this quiz